000 01526pab a2200169 454500
008 180718b2018 xxu||||| |||| 00| 0 eng d
100 _aWilliams, Kate
245 _aThree strategies for attaining legitimacy in policy knowledge: Coherence in identity, process and outcome
260 _c2018
300 _ap.53-69.
520 _aAt a time when truth and facts are highly contested, understanding how knowledge gains legitimacy is crucial. Creating valuable policy knowledge involves navigating ?a space between fields?, where actors and ideas from different social worlds come into play. This article outlines a novel set of strategies for attaining legitimacy within this space. Drawing on mixed-methods analysis of interview and publication data from 12 development research organizations, the article argues that legitimacy centres around three primary types of ?coherence?. Coherence in identity is the demonstration of ?proper? goals via negotiation of organizational and individual identity. Coherence in process is the demonstration of ?proper? processes through maintenance of independence, integrity and transparency. Coherence in outcome is the demonstration of ?proper? outcomes via creation of the ?right? products, audience and impact. Mastery of these three areas makes possible the production of credible, distinctive and significant knowledge. - Reproduced.
650 _aPulblic administration
650 _aLegitimacy
650 _aPolicy making
773 _aPublic Administration
909 _a117040
999 _c117034
_d117034